000 00382 a2200169 4500
001 69377
020 _a8526246321
040 _cAnchieta - Itaigara
100 _aPuech, Michel
240 1 0 _aA justiça e a injustiça
_lpor
245 1 0 _aA justiça e a injustiça
300 _a40
362 0 _a2002
440 1 _aScipione
650 4 _aLiteratura infanto-juvenil
942 _cBK
999 _c69377
_d69377